Theories of organization

সংরক্ষণ করুন:
গ্রন্থ-পঞ্জীর বিবরন
প্রধান লেখক: Tosi, Henry L.
বিন্যাস: গ্রন্থ
ভাষা:Undetermined
প্রকাশিত: Chicago St. Clair Press 1975
বিষয়গুলি:
ট্যাগগুলো: ট্যাগ যুক্ত করুন
কোনো ট্যাগ নেই, প্রথমজন হিসাবে ট্যাগ করুন!
Thư viện lưu trữ: Trung tâm Học liệu Trường Đại học Cần Thơ
LEADER 00485nam a2200181Ia 4500
001 CTU_69035
008 210402s9999 xx 000 0 und d
082 |a 658.1 
082 |b T713 
100 |a Tosi, Henry L. 
245 0 |a Theories of organization 
245 0 |c Henry L. Tosi 
260 |a Chicago 
260 |b St. Clair Press 
260 |c 1975 
650 |a Organization,Industrial organization. 
904 |i Mai Loan 
980 |a Trung tâm Học liệu Trường Đại học Cần Thơ